[Event "Women's Speed Chess Q4"]
[Site "chess.com INT"]
[Date "2020.06.21"]
[Round "6"]
[White "Solozhenkina, Elizaveta"]
[Black "Vijayalakshmi, Subbaraman"]
[Result "0-1"]
[WhiteTitle "WIM"]
[BlackTitle "IM"]
[WhiteElo "2301"]
[BlackElo "2332"]
[WhiteFideId "34106615"]
[BlackFideId "5004098"]
[EventDate "2020.06.21"]

1. e4 e5 2. Nf3 Nc6 3. Nc3 Nf6 4. Bb5 Bb4 5. O-O d6 6. d3 Bxc3 7. bxc3 O-O 8.
Bg5 Ne7 9. Re1 Ng6 10. d4 Qe7 11. Nh4 h6 12. Nf5 Bxf5 13. exf5 hxg5 14. fxg6
fxg6 15. dxe5 dxe5 16. Bc4+ Kh7 17. Qd2 Ng4 18. Re2 Qc5 19. Be6 Rad8 20. Qxg5
Nh6 21. Rf1 Qxc3 22. h4 Rd6 23. Bb3 Rf5 24. Qe7 Rdf6 25. Rd1 Rf4 26. Qxe5 Qxe5
27. Rxe5 Ng4 28. Re7 Rxf2 29. g3 c5 30. Rdd7 Kh6 31. Rxg7 Rf1+ 32. Kg2 Ne3+ 33.
Kh2 R6f2+ 34. Kh3 Rh1# 0-1

[Event "Women's Speed Chess Q4"]
[Site "chess.com INT"]
[Date "2020.06.21"]
[Round "6"]
[White "Petrova, Irina"]
[Black "Swati, Mohota"]
[Result "0-1"]
[WhiteTitle "WIM"]
[BlackTitle "WFM"]
[WhiteElo "2087"]
[BlackElo "2027"]
[WhiteFideId "14124122"]
[BlackFideId "5006511"]
[EventDate "2020.06.21"]

1. d4 d5 2. Nc3 Nf6 3. Bg5 Bf5 4. Bxf6 exf6 5. e3 c6 6. Bd3 Qd7 7. Nge2 Bd6 8.
Ng3 Be6 9. Qf3 Bg4 10. Bf5 Bxf3 11. Bxd7+ Nxd7 12. gxf3 Nb6 13. O-O-O g6 14. e4
Bf4+ 15. Kb1 O-O-O 16. Rhe1 Rhe8 17. b3 f5 18. exf5 Rxe1 19. Rxe1 Bd2 20. Re3
Bxe3 21. fxe3 Nd7 22. fxg6 hxg6 23. e4 dxe4 24. Ncxe4 f5 25. Ng5 Rh8 26. h3 Nf6
27. Kc1 Nd5 28. Kd2 Nf4 29. Ke3 Nxh3 30. Nxh3 Rxh3 31. Nf1 Rh1 32. Nd2 Ra1 33.
a4 Rc1 34. Kd3 Kc7 35. Nc4 Rd1+ 36. Ke2 Rxd4 37. Ne5 g5 38. Ke3 Rd5 39. Nd3 Rd8
40. Nc5 Re8+ 41. Kf2 b6 42. Nd3 Kd6 43. Nb2 Kc5 44. Nc4 Rd8 45. Ne3 f4 46. Nc4
Kb4 47. Ke2 Kc3 48. Ne5 Rd2+ 49. Ke1 Rxc2 50. Nxc6 a5 51. Nb8 Kxb3 52. Nd7 Rc6
53. Nb8 Re6+ 54. Kf2 Kxa4 55. Na6 Kb3 56. Nc7 Rc6 57. Nd5 a4 58. Nf6 a3 0-1

[Event "Women's Speed Chess Q4"]
[Site "chess.com INT"]
[Date "2020.06.21"]
[Round "6"]
[White "Chen, Yining"]
[Black "Kucharska, Honorata"]
[Result "0-1"]
[WhiteTitle "WCM"]
[BlackTitle "WFM"]
[WhiteElo "1745"]
[BlackElo "2113"]
[WhiteFideId "8620946"]
[BlackFideId "1163868"]
[EventDate "2020.06.21"]

1. d4 d5 2. c4 e6 3. Nf3 Nf6 4. Nc3 Be7 5. Bf4 O-O 6. e3 b6 7. cxd5 exd5 8. Rc1
c6 9. Bd3 h6 10. h3 Ba6 11. O-O Bxd3 12. Qxd3 Nbd7 13. Rfd1 Re8 14. a3 a5 15.
Ne5 Nxe5 16. Bxe5 Nd7 17. Bh2 Bg5 18. Rc2 Re6 19. e4 dxe4 20. Nxe4 Qe7 21. Nxg5
Qxg5 22. d5 cxd5 23. Bg3 Nf6 24. Qd4 Qf5 25. Rc7 Rae8 26. Rcc1 Qe4 27. Qxe4 dxe4
28. Bh4 Nh5 29. Rd7 g5 30. Bg3 Nxg3 31. fxg3 Kg7 32. Kf1 e3 33. Ke2 Rf6 34. Rf1
Rxf1 35. Kxf1 Re6 36. Ke2 Kg6 37. g4 f5 38. gxf5+ Kxf5 39. g3 Ke4 40. Rd3 Kf5
41. Rxe3 Rxe3+ 42. Kxe3 Ke5 43. g4 a4 44. Kd3 Kf4 45. Kc4 Kg3 46. Kb4 Kxh3 47.
Kxa4 Kxg4 48. Kb5 Kf4 49. Kxb6 g4 50. a4 g3 51. a5 g2 52. a6 g1=Q+ 53. Kb7 Qg7+
54. Kb6 Qxb2+ 55. Kc7 Qa3 56. Kb7 Qxa6+ 57. Kxa6 h5 58. Kb5 h4 59. Kc4 h3 0-1

[Event "Women's Speed Chess Q4"]
[Site "chess.com INT"]
[Date "2020.06.21"]
[Round "6"]
[White "Starosta, Martyna"]
[Black "Shvedova, Alexandra"]
[Result "0-1"]
[WhiteTitle "WCM"]
[BlackTitle "WFM"]
[WhiteElo "2079"]
[BlackElo "1994"]
[WhiteFideId "21818754"]
[BlackFideId "54154782"]
[EventDate "2020.06.21"]

1. e4 e5 2. Nf3 Nc6 3. Bb5 Nf6 4. O-O Nxe4 5. d4 Nd6 6. Bxc6 dxc6 7. dxe5 Nf5 8.
Qxd8+ Kxd8 9. b3 Be7 10. Bb2 Be6 11. Nc3 Ke8 12. Ne4 Bd5 13. Nfd2 Rd8 14. c4 Be6
15. Rad1 h5 16. h3 Rh6 17. Nf3 Rg6 18. Kh2 Nh4 19. Nxh4 Bxh4 20. g3 Be7 21.
Rxd8+ Kxd8 22. f4 Bf5 23. Nd2 Bc5 24. Nf3 Rh6 25. Nh4 g6 26. Nf3 Ke7 27. Ng5 Rh8
28. Rd1 Re8 29. Nh7 Rd8 30. Rxd8 Kxd8 31. Ng5 Ke7 32. Kg2 Bb1 33. a3 a5 34. Kf3
Bc2 35. Ne4 Bb6 36. Nd2 Bd1+ 37. Ke4 Ke6 38. b4 axb4 39. axb4 Bf2 40. Nf1 Be2
41. Ne3 Bxg3 42. f5+ gxf5+ 43. Nxf5 Bd3+ 44. Kxd3 Kxf5 45. Ke3 Bxe5 46. Bc1 Bf4+ 0-1

[Event "Women's Speed Chess Q4"]
[Site "chess.com INT"]
[Date "2020.06.21"]
[Round "6"]
[White "Ilyuchyk, Yana"]
[Black "Gaponenko, Inna"]
[Result "1-0"]
[WhiteTitle "WFM"]
[BlackTitle "IM"]
[WhiteElo "2119"]
[BlackElo "2396"]
[WhiteFideId "13508407"]
[BlackFideId "14101181"]
[EventDate "2020.06.21"]

1. e4 g6 2. d4 Bg7 3. Nc3 d6 4. Nf3 Nf6 5. Be3 Ng4 6. Bg5 h6 7. Bh4 c5 8. h3
cxd4 9. Nd5 g5 10. Bg3 Nf6 11. Nxf6+ Bxf6 12. Nxd4 Qb6 13. c3 Qxb2 14. Bb5+ Bd7
15. Bxd7+ Nxd7 16. Rc1 O-O 17. O-O Rac8 18. Nf5 Kh7 19. Qh5 Bg7 20. Nxe7 Rxc3
21. Rb1 Qa3 22. Nf5 Ne5 23. Rxb7 Rc1 24. Rxc1 Qxc1+ 25. Kh2 Qc6 26. Bxe5 dxe5
27. Rxf7 Qg6 28. Rxg7+ Qxg7 29. Nxg7 Kxg7 30. Qd1 Rxf2 31. Qd7+ Kg6 32. Qxa7 h5
33. Qxf2 1-0

[Event "Women's Speed Chess Q4"]
[Site "chess.com INT"]
[Date "2020.06.21"]
[Round "6"]
[White "Martynkova, Olena"]
[Black "Gokbulut, Julia"]
[Result "1/2-1/2"]
[WhiteTitle "WIM"]
[BlackTitle "WFM"]
[WhiteElo "2222"]
[BlackElo "1970"]
[WhiteFideId "14134039"]
[BlackFideId "4153979"]
[EventDate "2020.06.21"]

1. d4 d5 2. c4 e6 3. Nf3 Nf6 4. g3 dxc4 5. Bg2 Be7 6. O-O O-O 7. Qc2 c5 8. dxc5
Bxc5 9. Qxc4 Qe7 10. Nc3 a6 11. a3 Nc6 12. b4 Bd6 13. Bb2 Bd7 14. e4 Rac8 15.
Qe2 Ne5 16. Nd2 Rxc3 17. Bxc3 Bb5 18. Qe3 Bxf1 19. Rxf1 Rc8 20. h3 Nfd7 21. Rd1
Bc7 22. f4 Bb6 23. Bd4 Bxd4 24. Qxd4 Nc6 25. Qd3 Nb6 26. Nb3 Rd8 27. Qe2 g6 28.
e5 Kg7 29. h4 h5 30. Bxc6 bxc6 31. Nc5 a5 32. Rxd8 Qxd8 33. bxa5 Qd4+ 34. Qf2
Qa1+ 35. Kh2 Nc4 36. a4 Nxa5 37. Ne4 Qxa4 38. Nf6 Qd1 39. Qc5 Qe2+ 40. Kh3 Qf1+
41. Kh2 Qe2+ 42. Kh3 Qf1+ 43. Kh2 Qe2+ 1/2-1/2

[Event "Women's Speed Chess Q4"]
[Site "chess.com INT"]
[Date "2020.06.21"]
[Round "6"]
[White "Mudodo, Refiloe Hazel"]
[Black "Dauletova, Gulmira"]
[Result "1-0"]
[WhiteTitle "WCM"]
[BlackTitle "WIM"]
[WhiteElo "1543"]
[BlackElo "2319"]
[WhiteFideId "11000821"]
[BlackFideId "13702971"]
[EventDate "2020.06.21"]

1. e4 e5 2. Nf3 Nc6 3. Bb5 a6 4. Ba4 Nf6 5. Qe2 Bd6 6. c3 O-O 7. O-O b5 8. Bb3
Bb7 9. d4 h6 10. Rd1 Re8 11. d5 Ne7 12. h3 Ng6 13. c4 Qe7 14. Re1 c6 15. Nc3 Nh5
16. Be3 Nhf4 17. Qd2 Bb4 18. a3 Bxc3 19. bxc3 bxc4 20. Bxc4 cxd5 21. exd5 Qf6
22. Rab1 Bc8 23. Bxf4 Nxf4 24. a4 Nxh3+ 25. gxh3 Qxf3 26. Qd3 Qf6 27. d6 g6 28.
Bd5 Ra7 29. Qc4 a5 30. Rb8 Kg7 31. Rxc8 Rxc8 32. Qxc8 Qxd6 33. c4 Rc7 34. Qe8
Qf6 35. Bxf7 Qxf7 36. Qxe5+ Qf6 37. Qxc7 Qg5+ 38. Kh2 Qd2 39. Qe5+ Kf7 40. Qe7+
Kg8 41. Qe8+ Kg7 42. Re7+ Kf6 43. Qf8+ Kg5 44. Re5+ Kh4 45. Qf3 g5 46. Qg4# 1-0

[Event "Women's Speed Chess Q4"]
[Site "chess.com INT"]
[Date "2020.06.21"]
[Round "6"]
[White "Muminova, Nafisa"]
[Black "Skuhala, Barbara"]
[Result "0-1"]
[WhiteTitle "WGM"]
[BlackTitle "WFM"]
[WhiteElo "2274"]
[BlackElo "2095"]
[WhiteFideId "14201526"]
[BlackFideId "14605465"]
[EventDate "2020.06.21"]

1. d4 d5 2. Nc3 c6 3. Bf4 Nf6 4. f3 e6 5. Qd2 Bd6 6. O-O-O O-O 7. g4 b6 8. h4
Ne8 9. g5 Bxf4 10. Qxf4 Qc7 11. Qe3 c5 12. f4 cxd4 13. Qxd4 Nc6 14. Qf2 a6 15.
e3 Bb7 16. Nf3 b5 17. h5 b4 18. Ne2 Nd6 19. g6 h6 20. gxf7+ Rxf7 21. Bh3 Ne4 22.
Qg2 Re7 23. Ned4 Nd8 24. Rhg1 a5 25. Ne5 Bc8 26. Qg6 a4 27. Ng4 a3 28. Nxh6+ Kh8
29. Nb5 Qd7 30. Nf5 Qxb5 31. Nxe7 axb2+ 32. Kxb2 Rxa2+ 33. Kc1 Rxc2+ 34. Kb1
Rb2+ 35. Kxb2 Qe2+ 36. Ka1 Qa6+ 37. Kb1 Nc3+ 38. Kc1 Qa1+ 39. Kd2 Qb2+ 40. Qc2
Ne4+ 41. Kd3 Ba6+ 0-1

[Event "Women's Speed Chess Q4"]
[Site "chess.com INT"]
[Date "2020.06.21"]
[Round "6"]
[White "Zakirova, Aisha"]
[Black "Belenkaya, Dina"]
[Result "0-1"]
[WhiteTitle "WCM"]
[BlackTitle "WGM"]
[WhiteElo "1585"]
[BlackElo "2297"]
[WhiteFideId "13719734"]
[BlackFideId "24142654"]
[EventDate "2020.06.21"]

1. d4 Nf6 2. c4 c5 3. d5 e5 4. Nc3 d6 5. e4 Be7 6. f3 h5 7. Be3 h4 8. Nge2 Nh5
9. Qd2 a6 10. g4 Nf6 11. O-O-O b5 12. h3 Nbd7 13. f4 Qa5 14. g5 Nh5 15. fxe5
Nxe5 16. Nf4 b4 17. Nb1 Qxa2 18. Nxh5 Rxh5 19. Be2 Rh8 20. Bf4 Nxc4 21. Qc2 Na5
22. Nd2 Bd7 23. Bc4 Nxc4 24. Nxc4 Ba4 25. Qd3 Bb5 26. b3 Kf8 27. Rh2 Qa1+ 28.
Kd2 Bxc4 29. Rxa1 Bxd3 30. Kxd3 Rh5 31. Rha2 Bxg5 32. Bxd6+ Be7 33. Rxa6 Rxa6
34. Rxa6 Bxd6 35. Rxd6 Rg5 36. Rc6 Rg3+ 37. Kc4 Rc3+ 38. Kb5 Rxb3 39. Rxc5 Re3
40. Rc4 b3 41. d6 Ke8 42. Kc6 b2 43. Kd5 Rd3+ 44. Ke5 b1=Q 45. Rc8+ Kd7 46. Rc7+
Kd8 0-1

[Event "Women's Speed Chess Q4"]
[Site "chess.com INT"]
[Date "2020.06.21"]
[Round "6"]
[White "Zvereva, Margarita"]
[Black "Zavivaeva, Evelina"]
[Result "1-0"]
[WhiteTitle "WFM"]
[BlackTitle "WCM"]
[WhiteElo "1929"]
[BlackElo "1619"]
[WhiteFideId "34177741"]
[BlackFideId "44127839"]
[EventDate "2020.06.21"]

1. d4 Nf6 2. Nf3 e6 3. e3 b6 4. Bd3 Bb7 5. O-O d6 6. c4 Nbd7 7. Nc3 g6 8. b3 Bg7
9. Bb2 O-O 10. Qe2 e5 11. dxe5 dxe5 12. Bc2 Qe7 13. Rad1 Rad8 14. Nb5 c6 15. Ba3
Nc5 16. Nc3 Qc7 17. b4 Ne6 18. b5 c5 19. Bb2 Rfe8 20. Rxd8 Rxd8 21. Rd1 Bxf3 22.
Qxf3 Rxd1+ 23. Qxd1 Qd8 24. Qxd8+ Nxd8 25. Nd5 Nxd5 26. cxd5 Kf8 27. Kf1 Ke7 28.
f4 Kd6 29. e4 h5 30. Ke2 f6 31. Kf3 Bh6 32. fxe5+ fxe5 33. h4 Nf7 34. g4 Bf4 35.
gxh5 gxh5 36. Kg2 Nh8 37. Bd1 Ng6 38. Kh3 Ne7 39. Bxh5 Nc8 40. Bg4 Ne7 41. Bc3
Ng8 42. Be6 Nf6 43. Bf5 Nh5 44. Kg4 Nf6+ 45. Kf3 Nh5 46. Be1 c4 47. Bb4+ 1-0

[Event "Women's Speed Chess Q4"]
[Site "chess.com INT"]
[Date "2020.06.21"]
[Round "6"]
[White "Sowa, Wiktoria"]
[Black "Janzelj, Lara"]
[Result "0-1"]
[WhiteTitle "WFM"]
[BlackTitle "WIM"]
[WhiteElo "2093"]
[BlackElo "2210"]
[WhiteFideId "21836701"]
[BlackFideId "14608391"]
[EventDate "2020.06.21"]

1. e4 d6 2. d4 Nf6 3. Nc3 e5 4. Bc4 Be7 5. h3 O-O 6. Nf3 Nbd7 7. O-O c6 8. a4 a5
9. Re1 Nb6 10. Bb3 Nfd7 11. Be3 exd4 12. Nxd4 Nc5 13. f4 Nxb3 14. cxb3 Bf6 15.
Qf3 g6 16. Rad1 Qc7 17. Rc1 Qe7 18. Nxc6 bxc6 19. Bxb6 Rb8 20. Qf2 Bh4 21. g3
Bxg3 22. Qxg3 Rxb6 23. Nd1 Qe6 24. Rc3 f5 25. e5 dxe5 26. Rxe5 Qd7 27. Nf2 Qd2
28. Re7 Rb4 29. Qh4 h5 30. Qg5 Qd6 31. Rce3 Rf7 32. Re8+ Rf8 33. Rxf8+ Kxf8 34.
Qh6+ Kf7 35. Qh7+ Kf6 36. Qh8+ Kf7 37. Qxc8 Rxf4 38. Qe8+ Kf6 39. Qh8+ Kg5 40.
Rg3+ Kh4 41. Rd3 Qe6 42. Qd8+ g5 43. Rd1 Qe3 44. Qd2 Qg3+ 45. Kh1 Rxf2 46. Qd4+
f4 47. Rd3 Qg2# 0-1

[Event "Women's Speed Chess Q4"]
[Site "chess.com INT"]
[Date "2020.06.21"]
[Round "6"]
[White "Smietanska, Wiktoria"]
[Black "Goh, Jie Yi"]
[Result "0-1"]
[WhiteTitle "CM"]
[BlackTitle "WCM"]
[WhiteElo "1593"]
[BlackElo "1743"]
[WhiteFideId "21869359"]
[BlackFideId "5710049"]
[EventDate "2020.06.21"]

1. c4 e6 2. Nc3 f5 3. g3 Nf6 4. Bg2 Be7 5. d4 O-O 6. Nf3 d6 7. O-O Ne4 8. Qc2
Nxc3 9. Qxc3 Nd7 10. b3 Bf6 11. Qd2 e5 12. d5 Qe8 13. Bb2 Nc5 14. b4 Ne4 15. Qc2
Qh5 16. c5 Ng5 17. cxd6 cxd6 18. h4 Ne4 19. Nd2 Nxd2 20. Qxd2 g5 21. Bf3 Qg6 22.
hxg5 Bxg5 23. Qc2 Qh6 24. Bg2 f4 25. Bc1 Bf5 26. Be4 Bh3 27. Bg2 Qh5 28. Qe4
Bxg2 29. Kxg2 Rf7 30. Rh1 Qg4 31. Bd2 Raf8 32. Qf3 Qf5 33. Rac1 Qg6 34. e3 fxe3 0-1

[Event "Women's Speed Chess Q4"]
[Site "chess.com INT"]
[Date "2020.06.21"]
[Round "6"]
[White "Frattini, Beatriz Maria"]
[Black "Tarini, Goyal"]
[Result "0-1"]
[WhiteTitle "WCM"]
[BlackTitle "WFM"]
[WhiteElo "1868"]
[BlackElo "2164"]
[WhiteFideId "22715002"]
[BlackFideId "5082749"]
[EventDate "2020.06.21"]

1. e4 c6 2. d4 d5 3. e5 Bf5 4. h4 h5 5. Bg5 Qb6 6. Bd3 Qxd4 7. Nf3 Qg4 8. Bxf5
Qxf5 9. O-O e6 10. Nbd2 Be7 11. c4 Bxg5 12. Nxg5 Ne7 13. Qb3 b6 14. c5 O-O 15.
cxb6 axb6 16. Qxb6 Nd7 17. Qc7 Rfd8 18. Ndf3 Ng6 19. Rfe1 Rac8 20. Qa5 Nxh4 21.
Nxh4 Qxg5 22. Nf3 Qg4 23. Rac1 h4 24. Nh2 Qg6 25. Rxc6 h3 26. g3 Qf5 27. Qc3
Rxc6 28. Qxc6 Nf8 29. b4 d4 30. Qf3 Qc2 31. Qe2 d3 32. Qd1 Qxa2 33. Re3 d2 34.
Nf3 Qb2 35. Kf1 Qxb4 36. Re2 Ng6 37. Rxd2 Rxd2 38. Qxd2 Qb1+ 39. Qe1 Qb7 40. Qe2
Nxe5 41. Ng1 h2 42. Qxe5 Qb1+ 43. Ke2 hxg1=Q 0-1

[Event "Women's Speed Chess Q4"]
[Site "chess.com INT"]
[Date "2020.06.21"]
[Round "6"]
[White "Ziegenfuss, Antonia"]
[Black "Sharmin, Samiha Shimmi"]
[Result "1-0"]
[WhiteTitle "WFM"]
[BlackTitle "WCM"]
[WhiteElo "2101"]
[BlackElo "1812"]
[WhiteFideId "12962554"]
[BlackFideId "10203087"]
[EventDate "2020.06.21"]

1. d4 d5 2. c4 e6 3. Nc3 c5 4. cxd5 exd5 5. Nf3 Nc6 6. dxc5 d4 7. Na4 Bxc5 8.
Nxc5 Qa5+ 9. Bd2 Qxc5 10. b4 Nxb4 11. Rc1 Qb6 12. Rb1 a5 13. a3 Bf5 14. Qa4+ Bd7
15. Rxb4 Qg6 16. Qxd7+ Kxd7 17. Ne5+ Ke6 18. Nxg6 axb4 19. Nxh8 bxa3 20. e4 a2
21. Bc4+ Kf6 22. e5+ Kxe5 23. Nxf7+ Ke4 24. f3+ Kf5 25. Bxa2 Rxa2 26. Ke2 b5 27.
Nd6+ Ke6 28. Nxb5 Kd5 29. Rc1 Ne7 30. Kd1 Nf5 31. Rc2 Ra1+ 32. Ke2 Ra5 33. Nc7+
Kd6 34. Bxa5 1-0

[Event "Women's Speed Chess Q4"]
[Site "chess.com INT"]
[Date "2020.06.21"]
[Round "6"]
[White "Vantika, Agrawal"]
[Black "Nandhidhaa, P V"]
[Result "0-1"]
[WhiteTitle "WIM"]
[BlackTitle "WGM"]
[WhiteElo "2286"]
[BlackElo "2365"]
[WhiteFideId "25050389"]
[BlackFideId "5050847"]
[EventDate "2020.06.21"]

1. d4 Nf6 2. c4 e6 3. g3 c5 4. d5 exd5 5. cxd5 d6 6. Nc3 g6 7. Nf3 Bg7 8. Bg2
O-O 9. O-O Nbd7 10. h3 a6 11. a4 Qe7 12. Bf4 Re8 13. Re1 Rb8 14. e4 Nh5 15. Bg5
Qf8 16. g4 Nhf6 17. Bf4 b5 18. axb5 axb5 19. e5 dxe5 20. Nxe5 Nxe5 21. Bxe5 Rxe5
22. Rxe5 Nxg4 23. Re1 Ne5 24. d6 Bd7 25. Ra7 Be6 26. Nd5 Rd8 27. Ne7+ Kh8 28. b3
c4 29. bxc4 bxc4 30. Re3 Bf6 31. Qa4 Rxd6 32. Ra8 Rd8 33. Rxd8 Qxd8 34. Nc6 Nxc6
35. Qxc6 c3 36. Kh2 Qb8+ 37. Kg1 Qb1+ 38. Kh2 Qb8+ 0-1

[Event "Women's Speed Chess Q4"]
[Site "chess.com INT"]
[Date "2020.06.21"]
[Round "6"]
[White "Padmini, Rout"]
[Black "Martynyuk, Elizaveta"]
[Result "1-0"]
[WhiteTitle "IM"]
[BlackTitle "FM"]
[WhiteElo "2370"]
[BlackElo "2041"]
[WhiteFideId "5029295"]
[BlackFideId "24128511"]
[EventDate "2020.06.21"]

1. e4 c5 2. Nf3 Nc6 3. Nc3 g6 4. d4 cxd4 5. Nxd4 Bg7 6. Be3 Nf6 7. Bc4 O-O 8.
Bb3 Re8 9. O-O d6 10. h3 Bd7 11. Nde2 Na5 12. f4 Nxb3 13. axb3 Bc6 14. Qd3 b5
15. Nd4 Qd7 16. e5 dxe5 17. fxe5 Nh5 18. Nxc6 Qxc6 19. Qxb5 Qe6 20. Qd5 Qxd5 21.
Nxd5 Bxe5 22. Rxa7 Rxa7 23. Bxa7 Bxb2 24. Bc5 e6 25. Ne7+ Kg7 26. b4 Ng3 27. Rb1
Ne2+ 28. Kf2 Bd4+ 29. Kxe2 Bxc5 30. bxc5 Rxe7 31. Kd3 Kf6 32. Kc4 Rc7 33. Rd1
Ke7 34. Kb5 Rd7 35. Rd3 e5 36. Kb6 e4 37. Rb3 Kd8 38. c6 Re7 39. Ra3 Re6 40. Kb7
Re7+ 41. Kb6 Re6 42. Ra8+ Ke7 43. Kb7 Rxc6 44. Kxc6 Ke6 45. Re8+ Kf5 46. Kd5 1-0

[Event "Women's Speed Chess Q4"]
[Site "chess.com INT"]
[Date "2020.06.21"]
[Round "6"]
[White "Dwilewicz, Katarzyna"]
[Black "Kiseleva, Arina"]
[Result "1-0"]
[WhiteTitle "WFM"]
[BlackTitle "WCM"]
[WhiteElo "2120"]
[BlackElo "2024"]
[WhiteFideId "1148486"]
[BlackFideId "4164989"]
[EventDate "2020.06.21"]

1. e4 e6 2. d4 d5 3. Nd2 Nf6 4. e5 Nfd7 5. Bd3 c5 6. c3 Nc6 7. Ne2 f6 8. Nf4 Qe7
9. Qh5+ Qf7 10. Bg6 hxg6 11. Qxh8 fxe5 12. Nh3 exd4 13. O-O dxc3 14. bxc3 Nf6
15. Ba3 b6 16. Rfe1 e5 17. Ng5 Qg8 18. Qxg8 Nxg8 19. f4 e4 20. c4 dxc4 21. Rxe4+
Kd8 22. Nxc4 Bf5 23. Rd1+ Kc7 24. Ne6+ Kc8 25. Re3 Be7 26. Nd6+ Bxd6 27. Rxd6
Nge7 28. Nxg7 Kc7 29. Rd2 Bd7 30. Bb2 Nf5 31. Nxf5 Bxf5 32. h3 b5 33. g4 Bd7 34.
Rd5 c4 35. Rxb5 Rd8 36. Rc5 Kb6 37. Rxc4 Na5 38. Rb4+ Ka6 39. Rd3 Nc6 40. Rc4
Kb7 41. Bf6 Na5 42. Rb4+ Kc7 43. Bxd8+ Kxd8 44. Rbd4 1-0

[Event "Women's Speed Chess Q4"]
[Site "chess.com INT"]
[Date "2020.06.21"]
[Round "6"]
[White "Doluhanova, Evgeniya"]
[Black "Zavivaeva, Emilia"]
[Result "1-0"]
[WhiteTitle "WGM"]
[BlackTitle "WCM"]
[WhiteElo "2229"]
[BlackElo "1735"]
[WhiteFideId "14112035"]
[BlackFideId "34127531"]
[EventDate "2020.06.21"]

1. Nf3 d5 2. b3 Nf6 3. Bb2 e6 4. e3 Be7 5. c4 O-O 6. Nc3 b6 7. Be2 Bb7 8. O-O
Nbd7 9. Rc1 c5 10. cxd5 Nxd5 11. Nxd5 Bxd5 12. d4 Bf6 13. Qd2 Rc8 14. Rfd1 Qe7
15. h3 Rfd8 16. Qe1 cxd4 17. Nxd4 Nc5 18. Ba3 Qb7 19. Bf1 g6 20. Nb5 a6 21. Nc3
Bc6 22. Bxc5 bxc5 23. Rxd8+ Rxd8 24. Ne2 Qb6 25. Nf4 a5 26. Nd3 a4 27. bxa4 Be7
28. a5 Qa7 29. Qc3 Bd5 30. a4 Rc8 31. Nf4 Bc6 32. Bb5 Ba8 33. a6 Bf8 34. Qc4 Qb6
35. Nd3 Bd5 36. Qf4 Bd6 37. Qf6 Qa7 38. Ne5 1-0

[Event "Women's Speed Chess Q4"]
[Site "chess.com INT"]
[Date "2020.06.21"]
[Round "6"]
[White "Javakhishvili, Lela"]
[Black "Kiolbasa, Oliwia"]
[Result "1-0"]
[WhiteTitle "IM"]
[BlackTitle "WIM"]
[WhiteElo "2475"]
[BlackElo "2160"]
[WhiteFideId "13601458"]
[BlackFideId "1154613"]
[EventDate "2020.06.21"]

1. d4 d5 2. c4 dxc4 3. e4 e5 4. Nf3 exd4 5. Bxc4 Nc6 6. O-O Be6 7. Bxe6 fxe6 8.
Qb3 Qd7 9. Qxb7 Rb8 10. Qa6 Nf6 11. Nbd2 Bd6 12. b3 O-O 13. Bb2 e5 14. Rac1 Nb4
15. Qc4+ Qf7 16. a3 Qxc4 17. Rxc4 Nd3 18. Rb1 Ng4 19. Ra4 Rb7 20. h3 Ngxf2 21.
Ba1 Rfb8 22. Rf1 Nc5 23. Kxf2 Nxa4 24. bxa4 Bxa3 25. Nxe5 c5 26. Ndc4 Bb4 27.
Ke2 Rd8 28. Kd3 Rc7 29. Bb2 Re8 30. Rb1 a5 31. Bc1 h6 32. h4 Rce7 33. Bf4 Re6
34. h5 Rf8 35. g3 Rfe8 36. Rh1 Kh7 37. Rf1 Kg8 38. Rf2 Kh7 39. Re2 Kg8 40. Nf3
Bc3 41. Nh4 R8e7 42. Bd6 Rb7 43. e5 Rb1 44. Ke4 Rb4 45. Kd5 d3 46. Re3 d2 47.
Rd3 Rxa4 48. Nf3 Re8 49. e6 Ra2 50. Nfxd2 Bf6 51. Ne4 a4 52. Nxc5 1-0

[Event "Women's Speed Chess Q4"]
[Site "chess.com INT"]
[Date "2020.06.21"]
[Round "6"]
[White "Antolak, Julia"]
[Black "Mamedjarova, Zeinab"]
[Result "1-0"]
[WhiteTitle "WIM"]
[BlackTitle "WGM"]
[WhiteElo "2323"]
[BlackElo "2274"]
[WhiteFideId "1159569"]
[BlackFideId "13401521"]
[EventDate "2020.06.21"]

1. e4 e5 2. Nf3 Nc6 3. Bb5 a6 4. Ba4 Nf6 5. O-O b5 6. Bb3 Be7 7. Re1 O-O 8. c3
d6 9. h3 h6 10. d4 Kh7 11. Nbd2 Nd7 12. Nf1 Na5 13. Bc2 c5 14. Ng3 Re8 15. a4 b4
16. cxb4 cxb4 17. b3 Bf8 18. Bb2 g6 19. dxe5 Nxe5 20. Nxe5 dxe5 21. Qxd8 Rxd8
22. Bxe5 Rd2 23. Re2 Rxe2 24. Nxe2 Be6 25. Nd4 Re8 26. Bc7 Bg7 27. Bxa5 Bxd4 28.
Rd1 Bc5 29. Rd8 Rxd8 30. Bxd8 Kg7 31. Kf1 Kf8 32. Ke2 Ke8 33. Bf6 h5 34. f3 Kd7
35. Kd1 Kd6 36. Kc1 Kc6 37. Kb2 Kb6 38. Bd3 Bd6 39. Bd8+ Kb7 40. Kc2 Be5 41. Bg5
Kc7 42. Bxa6 f5 43. Bd3 f4 44. Bc4 Bxc4 45. bxc4 Kc6 46. Kb3 Bd6 47. Bf6 Kc5 48.
Bb2 Be7 49. Bc1 g5 50. Bd2 Kd4 51. Bxb4 Bd8 52. a5 Ke3 53. Bc5+ Ke2 54. a6 Kf1
55. a7 Kxg2 56. a8=Q Bf6 57. Qf8 Ba1 58. Qf5 Kxf3 59. Qxg5 Kxe4 60. Qxh5 f3 61.
Qg4+ 1-0

[Event "Women's Speed Chess Q4"]
[Site "chess.com INT"]
[Date "2020.06.21"]
[Round "6"]
[White "Xu, Yuanyuan"]
[Black "Narva, Regina"]
[Result "1-0"]
[WhiteTitle "WGM"]
[BlackTitle "WFM"]
[WhiteElo "2317"]
[BlackElo "1905"]
[WhiteFideId "8601089"]
[BlackFideId "4500237"]
[EventDate "2020.06.21"]

1. d4 Nf6 2. c4 g6 3. Nc3 Bg7 4. e4 d6 5. h3 O-O 6. Be3 b6 7. g4 a6 8. Bg2 Ra7
9. Nge2 c5 10. d5 e6 11. Ng3 exd5 12. exd5 Re8 13. Qd2 Rb7 14. a4 Bd7 15. g5 Nh5
16. Nxh5 gxh5 17. h4 Bg4 18. Ne4 b5 19. axb5 axb5 20. O-O bxc4 21. Nc3 Rbe7 22.
Ra8 Qd7 23. Rfa1 Qf5 24. Nb5 Be5 25. f4 Bxb2 26. Qxb2 Rxe3 27. Nxd6 Re1+ 28.
Rxe1 Rxe1+ 29. Kf2 Re2+ 30. Qxe2 Qxf4+ 31. Bf3 Bxf3 32. Qxf3 Qxd6 33. Qf6 Qh2+
34. Ke3 Qg3+ 35. Ke4 Qd3+ 36. Ke5 Qd4+ 37. Kd6 Qxf6+ 38. gxf6 h6 39. Rxb8+ Kh7
40. Ke5 c3 41. Rc8 c2 42. Rxc5 c1=Q 43. Rxc1 Kg6 44. Rg1+ Kh7 45. d6 Kh8 46. d7
Kh7 47. Kf5 Kh8 48. d8=Q+ Kh7 49. Qg8# 1-0